Les Equipe a avoir attein les demi finale LDC depuis 2000 - Statistiques

Statistiques générales
  • Ce quiz a été pris 1 615 fois
  • Le résultat moyen est 24 sur 28
Statistiques - réponses
Pays Réponse % Correct
Espagne 2000,2002,2006,2008,2009,2010,2011,2012,2013,2015,2019 Fc Barcelone
100%
Espagne 2000,2001,2002,2003,2011,2012,2013,2014,2015,2016,2017,2018 Real Madrid
100%
Angleterre 2002,2007,2008,2009,2011 Manchester United
98%
France 2020 Paris Saint-Germain
98%
Allemagne 2002 Bayer Leverkusen
97%
Angleterre 2004,2005,2007,2008,2009,2012,2014 Chelsea FC
97%
Italie 2003,2010 Inter Milan
97%
Italie 2003,2015,2017 Juventus
97%
Angleterre 2005,2007,2008,2018,2019 Liverpool FC
97%
Allemagne 2000,2001,2010,2012,2013,2014,2015,2016,2018,2020 Bayern Munich
96%
Pays-Bas 2019 Ajax Amsterdam
95%
Espagne 2014,2016,2017 Atletico Madrid
95%
Allemagne 2013 Borussia Dortmund
94%
Portugal 2004 FC Porto
94%
Angleterre 2016 Manchester City
94%
France 2004,2017 As Monaco
92%
Italie 2003,2005,2006,2007 Milan AC
92%
Angleterre 2006,2009 Arsenal
89%
France 2010,2020 Olympique Lyonnais
89%
Angleterre 2019 Tottenham Hotspur
86%
Italie 2018 As Rome
81%
Pays-Bas 2005 PSV Eindhoven
76%
Espagne 2000,2001 Valence CF
72%
Espagne 2006 Villarreal CF
63%
Allemagne 2020 Red Bull Leipzig
56%
Allemagne 2011 Schalke 04
48%
Espagne 2004 Deportivo la Corogne
44%
Angleterre 2001 Leeds United
38%
Aucun quiz correspondant
Distribution des résultats
% des personnes avec chaque résultat
Percentile par nombre de réponses
Votre historique - résultats
Vous n’avez pas pris ce quiz